Youtube | Chaînes francophones avec plus de 1 millions d'abonnés - Statistiques

Statistiques générales
  • Ce quiz a été pris 331 fois
    47 depuis la dernière actualisation
  • Le résultat moyen est 27 sur 234
Statistiques - réponses
nombres
d'abonnés
Nom de leur chaîne % Correct
18,9 M 🟢 SQUEEZIE
97%
19,7 M 🟢 Tibo InShape
92%
14,5 M 🟢 Cyprien
84%
9,7 M 🟢 Michou
84%
11,5 M 🔴 NORMAN FAIT DES VIDÉOS
82%
7,73 M 🔴 Inoxtag
79%
8,51 M 🟢 Amixem
68%
6,22 M 🟢 JOYCA
68%
6,11 M 🟢 Mastu
68%
5,17 M 🟢 Natoo
58%
9,68 M 🟢 Lama Faché
53%
7,36 M 🟢 Mcfly et Carlito
50%
4,41 M 🟢 LeBouseuh
45%
6,55 M 🟢 Swan & Néo
42%
4,23 M 🟢 GOTAGA
39%
3,81 M 🟢 Joueur Du Grenier
39%
6,35 M 🟢 Mister V
39%
7,39 M 🔴 Rémi GAILLARD
39%
2,92 M 🟢 THEODORT
39%
1,8 M 🟢 Aminematue
34%
4,93 M 🟢 MichouOff
34%
2,48 M 🟢 Néo The One
34%
5,55 M 🟢 SEB
34%
3,09 M 🟢 Juju Fitcats
32%
5,56 M 🟢 Kevin Tran 陈科伟
32%
3,19 M 🟢 Valouzz
32%
2,05 M 🟢 Pidi
29%
2,99 M 🟢 VodK
29%
6,06 M 🔴 Bigorneaux & Coquillages
26%
1,37 M 🟢 Doigby
26%
5,81 M 🟢 Furious Jumper
26%
4,77 M 🟢 Hugoposé
26%
1,95 M 🟢 Neoxi
26%
4,89 M 🟢 SQUEEZIE GAMING
26%
4,99 M 🟢 CYRILmp4
24%
11,6 M 🟢 GIMS
24%
3,92 M 🟢 Pierre Croce
24%
2,61 M 🟢 Wankil Studio - Laink et Terracid
24%
1,62 M 🟢 Djilsi
21%
2,84 M 🔴 MrAntoineDaniel
21%
4,28 M 🟢 [ Unchained ]
21%
5,33 M 🟢 FastGoodCuisine
18%
2,9 M 🟢 Fuze III
18%
1,6 M 🟢 Henry Tran
18%
2,69 M 🟢 HugoDécrypte - Actus du jour
18%
2,59 M 🟢 Sora
18%
2,92 M 🟢 BATZAIR
16%
4,66 M 🟢 Dr Nozman
16%
4,87 M 🟢 IbraTV
16%
2,61 M 🔴 Inoxtag 2.0
16%
3,1 M 🟢 Bigflo et Oli
13%
1,57 M 🟢 CHOCOH
13%
2,13 M 🟢 Dooms
13%
7,02 M 🟢 DORETDEPLATINE
13%
3,26 M 🟢 Koba LaD
13%
3,93 M 🟢 LE GRAND JD
13%
2,16 M 🟢 le rappeur damso
13%
1,59 M 🟢 LOCKLEAR
13%
5,45 M 🟢 Ninho
13%
3,54 M 🟢 Poisson Fécond
13%
2,67 M 🟢 Polo
13%
2,2 M 🟢 Sofyan
13%
5,31 M 🟢 Anas
11%
7,51 M 🟢 Aya Nakamura
11%
1,45 M 🟢 Aypierre
11%
1,46 M 🔴 DEO TOONS
11%
1,2 M 🔴 Deujna
11%
1,99 M 🔴 Frigiel
11%
1,52 M 🟢 GAZO OFFICIEL
11%
4,53 M 🟢 Jeanfils
11%
1,31 M 🟢 Kemar
11%
3,52 M 🔴 Le Woop
11%
1,17 M 🟢 Maxence
11%
2,06 M 🔴 orelsan
11%
1,26 M 🟢 PLK TV
11%
6,22 M 🔴 PNL
11%
2,94 M 🟢 SCH
11%
10,5 M 🟢 Soolking Officiel
11%
4,66 M 🟢 Soprano Officiel
11%
3,71 M 🟢 Studio Bagel
11%
2,5 M 🔴 Vilebrequin
11%
1,65 M 🟢 Angèle
8%
2,86 M 🟢 AYOUB
8%
4,13 M 🟢 B20baOfficiel
8%
1,95 M 🟢 Bazar du Grenier
8%
1,85 M 🔴 Benjamin Verrecchia
8%
2,26 M 🟢 Doc Seven
8%
1,23 M 🔴 Farod
8%
3,37 M 🟢 Kaaris
8%
8,37 M 🟢 L'Algerino
8%
1,23 M 🟢 Mastu Gear 2
8%
3,67 M 🟢 Naps Officiel
8%
1,19 M 🟢 PoloBleu
8%
7,26 M 🟢 Stromae
8%
7,28 M 🟢 SYMPA
8%
2,98 M 🟢 Tibo InShape Entrainement
8%
2,96 M 🟢 Trash
8%
4,35 M 🟢 Unchained_Off
8%
1,78 M 🔴 V5LD
8%
1,92 M 🟢 BFA
5%
4,78 M 🟢 Black M
5%
2,78 M 🟢 BouziTV
5%
1,42 M 🟢 CANAL+
5%
7,15 M 🟢 DADJU
5%
1,66 M 🔴 Doc Jazy
5%
1,37 M🟢 Guizzi
5%
1,21 M 🟢 Gurky
5%
2,2 M 🟢 Heuss L'Enfoiré
5%
1,66 M 🟢 Ivan Bede
5%
2,51 M 🟢 Kevin Tran L'Empereur
5%
3,71 M 🔴 La Fouine
5%
1,47 M 🟢 Le déraciné
5%
1,4 M 🟢 Louis-San
5%
1,03 M 🟢 Lucas Studio
5%
1,87 M 🟢 MATH
5%
1,94 M 🔴 Moha La Squale
5%
1,65 M 🔴 Nekfeu
5%
1,52 M 🟢 Ninjaxx
5%
6 M 🟢 Niska Officiel
5%
2,22 M 🟢 Noa.
5%
1,55 M 🟢 RAYTON
5%
1,19 M 🔴 Taupe10
5%
4,22 M 🟢 Troom Troom FR
5%
1,44 M 🟢 ADAM
3%
1,51 M 🟢 ADAM LE RIGOLOW
3%
1,11 M 🔴 Agentgb
3%
3,02 M 🟢 Alonzo
3%
1,71 M 🟢 AnttonRacca
3%
1,75 M 🟢 COLAS BIM
3%
2,1 M 🟢 Daniil le Russe
3%
2,01 M 🟢 DavidLafargePokemon
3%
1,24 M 🟢 Didi
3%
1,15 M 🟢 DirtyBiology
3%
1,69 M 🟢 Gambi
3%
1,35 M 🟢 HugoDécrypte - Grands formats
3%
2,16 M 🔴 Hugo Tout Seul
3%
6,86 M 🔴 Indila
3%
1,06 M 🟢 INFOSMILE
3%
1,81 M 🟢 Jamy - Epicurieux
3%
1,96 M 🔴 JIGMÉ
3%
2,23 M 🟢 Kalash972
3%
4,49 M 🟢 Lacrim
3%
1,23 M 🟢 Leo Succulent
3%
1,13 M 🟢 Le Règlement
3%
2,88 M 🔴 Les Kassos
3%
3,69 M 🟢 Les Parodie Bros
3%
2,28 M 🔴 Les Tutos
3%
1,05 M 🔴 Linca
3%
1,16 M 🔴 Lomepal
3%
2,06 M 🔴 Lorenzo
3%
1,94 M 🟢 Maes officiel
3%
1,58 M 🟢 Mahdi Ba
3%
1,65 M 🟢 Maskey
3%
2,05 M 🟢 Mcfly et Carlito la chaîne secondaire
3%
1,28 M 🟢 Micode
3%
1,16 M 🟢 Nanass
3%
1,36 M 🟢 Nanass 2.0
3%
1,28 M 🟢 Newtiteuf
3%
1,1 M 🟢 Pokémon Trash
3%
1,1 M 🟢 Romain Dot Live
3%
2,57 M 🟢 Sofiane Officiel
3%
1,08 M 🔴 Sophie Fantasy
3%
1,05 M 🟢 Soso Maness
3%
1,21 M 🔴 TARTIN
3%
1,55 M 🟢 Topito
3%
1,34 M 🟢 Zola
3%
1,1 M 🟢 3sor
0%
2,18 M 🔴 Africa Jungle
0%
1,14 M 🟢 AlloCiné
0%
1,08 M 🟢 Anas170QI
0%
1,05 M 🟢 ARTHUR 2.0
0%
1,62 M 🟢 Baggy Dessine
0%
1,39 M 🟢 Bleu
0%
2,14 M 🟢 Booska-P
0%
5,68 M 🟢 BRICO SYMPA
0%
1,35 M 🟢 CANAL+ Sport
0%
1,31 M 🟢 Capitaine Kirk
0%
1,05 M 🟢 Carl is cooking
0%
1,04 M 🔴 Chaîne secondaire de Jigmé
0%
1,69 M 🟢 Clique TV
0%
2,02 M 🟢 DAYMOLITION
0%
1,25 M 🔴 Des Cuts & Des Zooms
0%
2,51 M 🟢 Djadja & Dinaz
0%
1,94 M 🟢 DJ Kayz
0%
1,18 M 🟢 Dosseh TV
0%
3,67 M 🟢 EnjoyPhoenix - Marie Lopez
0%
1,63 M 🟢 Eva
0%
2,18 M 🟢 FabienOlicard
0%
1,61 M 🟢 Fantasyange
0%
1,84 M 🔴 FarsAttack
0%
4,61 M 🟢 FilmsActu
0%
1,22 M 🟢 Franglish
0%
2,49 M 🟢 GotagaTV
0%
1,52 M 🟢 Hornet La Frappe
0%
1,45 M 🟢 Jaymax VI
0%
1,51 M 🟢 JESSY
0%
2,56 M 🟢 Jojol
0%
1,36 M 🟢 Kalash Criminel
0%
1,96 M 🟢 Keblack
0%
2,01 M 🟢 Konbini
0%
1,11 M 🔴 La Ferme Jerome
0%
5,34 M 🟢 Lartiste
0%
1,2 M 🟢 LARUCHE MUSIC
0%
1,04 M 🔴 L'autre chaîne de Cyprien
0%
1,13 M 🔴 LEFA
0%
1,16 M 🟢 Léonard
0%
1,32 M 🟢 Le_Vrai_Andrea
0%
1,35 M 🟢 Lonni
0%
1,3 M 🔴 ludovik
0%
1,35 M 🟢 Magic System Officiel
0%
1,01 M 🟢 MahdiBaTV
0%
1,01 M 🔴 Maile Akln
0%
2,31 M 🟢 Mamytwink
0%
4,4 M 🟢 Marwa Loud
0%
4,63 M 🟢 Mhd Officiel
0%
1,9 M 🔴 Mister V Music
0%
2,39 M 🟢 Mister You Officiel
0%
1,82 M 🟢 Moha K
0%
2,02 M 🟢 Montreux Comedy
0%
1,02 M 🟢 NalaK
0%
3,56 M 🟢 Natop Shorts
0%
1,37 M 🟢 Neezay 2.0
0%
1,99 M 🟢 Neezay Shorts
0%
1,93 M 🟢 Redha Jr
0%
1,97 M 🟢 Rim'k
0%
1,97 M 🟢 RK OFFICIEL
0%
1,82 M 🟢 scoot 2 street
0%
1,32 M 🟢 Seinhor9
0%
6,33 M 🟢 SkyrockFM
0%
1 M 🟢 TIAKOLA
0%
2,21 M 🟢 TutoDraw
0%
1,93 M 🟢 Vegedream
0%
2,06 M 🟢 WatchMojo Français
0%
1,26 M 🟢 YACETOM
0%
Aucun quiz correspondant
Distribution des résultats
% des personnes avec chaque résultat
Percentile par nombre de réponses
Votre historique - résultats
Vous n’avez pas pris ce quiz depuis la dernière actualisation